Central Library || Chittagong University

Table of organisation and equipment ministries , Divisions , constitutional bodies , commissions etc ./ (Record no. 111825)

MARC details
000 -LEADER
fixed length control field 00494nam a22001577a 4500
003 - CONTROL NUMBER IDENTIFIER
control field BD-ChCU
005 - DATE AND TIME OF LATEST TRANSACTION
control field 20260304111052.0
008 - FIXED-LENGTH DATA ELEMENTS--GENERAL INFORMATION
fixed length control field 260304b bg ||||| |||| 00| 0 ben d
040 ## - CATALOGING SOURCE
Transcribing agency BD-ChCU
082 ## - DEWEY DECIMAL CLASSIFICATION NUMBER
Classification number REF 351.0073095492 TAB
245 ## - TITLE STATEMENT
Title Table of organisation and equipment ministries , Divisions , constitutional bodies , commissions etc ./
260 ## - PUBLICATION, DISTRIBUTION, ETC.
Place of publication, distribution, etc. Dhaka :
Name of publisher, distributor, etc. Govt. of Bangladesh ,
Date of publication, distribution, etc. C 1982
300 ## - PHYSICAL DESCRIPTION
Extent 133p.
650 #0 - SUBJECT ADDED ENTRY--TOPICAL TERM
Topical term or geographic name entry element Public Administration .
9 (RLIN) 20753
942 ## - ADDED ENTRY ELEMENTS (KOHA)
Source of classification or shelving scheme Dewey Decimal Classification
Koha item type Books
Suppress in OPAC No
Holdings
Withdrawn status Lost status Source of classification or shelving scheme Damaged status Not for loan Home library Current library Shelving location Date acquired Source of acquisition Total Checkouts Full call number Barcode Date last seen Copy number Price effective from Koha item type
    Dewey Decimal Classification     Chittagong University Library Chittagong University Library Reference 03/04/2026 Purchase   REF 351.0073095492 TAB 107426 03/04/2026 C-1 03/04/2026 Books
    Dewey Decimal Classification     Chittagong University Library Chittagong University Library Reference 03/04/2026 Purchase   REF 351.0073095492 TAB 108516 03/04/2026 C-2 03/04/2026 Books
© Copyright 2026. Chittagong University Library, Installation and Maintenance by Prof. Dr. Md. Alamgir, 01711306253